| 000 | 00000nam##2200000za#4500 |
| 001 | 9.644354 |
| 003 | CaOODSP |
| 005 | 20250506145324 |
| 007 | cr ||||||||||| |
| 008 | 150407|1989||||xxc|||||o f|0| 0 fre|d |
| 040 | |aCaOODSP|bfre |
| 043 | |an-cn--- |
| 086 | 1 |aA53-1833/1989F-PDF |
| 110 | 1 |aCanada.|bAgriculture Canada. |
| 245 | 10|aProduction et exploitation de la luzerne dans les provinces de l'Atlantique |h[ressource électronique] |
| 260 | |bAgriculture Canada |c1989. |
| 300 | |a42p.|bfigures, ill. (certaines en couleur), tableaux |
| 500 | |aPublication historique numérisée par Agriculture et Agroalimentaire Canada. |
| 504 | |aBibliographie. |
| 590 | |a15-05-Supp|b2015-03-31 |
| 775 | 08|tAlfalfa production and management in Atlantic Canada |w(CaOODSP)9.700470 |
| 856 | 40|ahttp://publications.gc.ca|qPDF|s2665 Ko|uhttps://publications.gc.ca/collections/collection_2015/aac-aafc/A53-1833-1989-fra.pdf |
| 986 | |aPublication 1833/F |